000 00363pab a2200145 454500
008 180718b1983 xxu||||| |||| 00| 0 eng d
100 _aSubrahmanyam, K.V.
245 _aThirty years of state steel sector
260 _c1983
300 _a5
362 _a10 Feb.,11 Feb.
650 _aGovernment Enterprise - India
773 _aFinancial Express
909 _a9300
999 _c9300
_d9300